000
00307nam a2200145Ia 4500
100
_a
Drucker/ Peter F.
942
_c
BK
654
_a
effective executive
245
_a
The Effective Executive
260
_b
Pan Books
_c
1967
082
_a
658.5
_b
DRU
300
_a
183
546
_a
ENGLISH
999
_c
19564
_d
19564